[Event "Titled Tue 27th May Early"]
[Site "chess.com INT"]
[Date "2025.05.27"]
[Round "2"]
[White "Darmanin, Jake"]
[Black "Wankhade Sanskruti"]
[Result "0-1"]
[WhiteTitle "CM"]
[BlackTitle "WCM"]
[WhiteElo "2065"]
[BlackElo "1869"]
[WhiteFideId "5601061"]
[BlackFideId "25063561"]
[EventDate "2025.05.27"]

1. e4 d6 2. d4 c6 3. f3 Qc7 4. c4 Nd7 5. Nc3 Ngf6 6. Be3 e5 7. d5 c5 8. Bd3 a6
9. Nge2 Be7 10. O-O O-O 11. f4 Re8 12. f5 Qb6 13. b3 h6 14. Kh1 Nh7 15. g4 Bg5
16. Bf2 Bf4 17. Nxf4 exf4 18. Qd2 Ne5 19. h3 Ng5 20. h4 Nh3 21. Be2 Qd8 22. Bd1
Qf6 23. Rc1 Nxf2+ 24. Rxf2 Qxh4+ 25. Rh2 Qg5 26. Rh5 Qf6 27. Qxf4 Nd3 28. Qd2
Nxc1 29. Qxc1 Qd4 30. Bf3 Qf2 31. Rh3 b5 32. Ne2 bxc4 33. bxc4 Rb8 34. g5 Bxf5
35. exf5 Re3 36. Ng1 Rb2 37. gxh6 Rxf3 38. h7+ Kh8 39. Qg5 Rxh3+ 40. Nxh3 Qh2# 0-1

[Event "Titled Tue 27th May Early"]
[Site "chess.com INT"]
[Date "2025.05.27"]
[Round "2"]
[White "Khazhatuly, Alikhan"]
[Black "Akobian, Varuzhan"]
[Result "0-1"]
[WhiteTitle "CM"]
[BlackTitle "GM"]
[WhiteElo "2196"]
[BlackElo "2564"]
[WhiteFideId "13731335"]
[BlackFideId "13300580"]
[EventDate "2025.05.27"]

1. e4 e6 2. d4 d5 3. Nd2 Nf6 4. e5 Nfd7 5. Bd3 c5 6. c3 Nc6 7. Ne2 cxd4 8. cxd4
f6 9. exf6 Nxf6 10. O-O Bd6 11. Nf3 O-O 12. Bf4 Bxf4 13. Nxf4 Ne4 14. Qc1 Ng5
15. Nxg5 Qxg5 16. Ne2 Qf6 17. Qe3 e5 18. dxe5 Nxe5 19. Rad1 Nxd3 20. Qxd3 Qxb2
21. Qxd5+ Kh8 22. Ng3 Qf6 23. Ne4 Qf5 24. Nd6 Qxd5 25. Rxd5 Be6 26. Rd2 Rad8 27.
Rfd1 Rd7 28. a3 Kg8 29. Nb5 Rxd2 30. Rxd2 a6 31. Nd6 Rd8 32. f3 Kf8 33. Kf2 Ke7
34. Ne4 Rxd2+ 35. Nxd2 Kd6 36. Ke3 Kd5 37. Kd3 Bd7 38. Kc3 b6 39. Nc4 Kc5 40.
Ne5 Bf5 41. Nf7 a5 42. Nd8 Kd5 43. Nf7 h6 44. g4 Be6 45. Nd8 Bd7 0-1

[Event "Titled Tue 27th May Early"]
[Site "chess.com INT"]
[Date "2025.05.27"]
[Round "2"]
[White "Le, Tuan Minh"]
[Black "Arslanov, Shamil"]
[Result "1-0"]
[WhiteTitle "GM"]
[BlackTitle "IM"]
[WhiteElo "2598"]
[BlackElo "2410"]
[WhiteFideId "12401153"]
[BlackFideId "4192826"]
[EventDate "2025.05.27"]

1. d4 d5 2. Nf3 Nf6 3. Bf4 c5 4. c3 Nc6 5. e3 Qb6 6. Qc2 Bf5 7. dxc5 Bxc2 8.
cxb6 Bxb1 9. Rxb1 axb6 10. a3 e6 11. c4 Be7 12. Be2 O-O 13. O-O Na5 14. cxd5
Nxd5 15. Bg3 Rfc8 16. Rfd1 Nb3 17. Ne5 Nc5 18. Bf3 Rd8 19. Nc4 Na4 20. Rd4 b5
21. Ne5 f6 22. Nd3 Rac8 23. h4 Kf7 24. Rd1 Rc2 25. Nb4 Bxb4 26. axb4 Nxb2 27.
Ra1 Rdc8 28. Ra7 Nc4 29. Rxb7+ Kg6 30. Be4+ f5 31. Bxc2 1-0

[Event "Titled Tue 27th May Early"]
[Site "chess.com INT"]
[Date "2025.05.27"]
[Round "2"]
[White "Bauml, Broderick Kenneth"]
[Black "Provaznik, Michal"]
[Result "1-0"]
[BlackTitle "CM"]
[WhiteElo "2089"]
[BlackElo "2050"]
[WhiteFideId "30972477"]
[BlackFideId "315273"]
[EventDate "2025.05.27"]

1. e4 c5 2. Nc3 Nc6 3. Bb5 Nd4 4. Nf3 a6 5. Bd3 e6 6. O-O Ne7 7. Nxd4 cxd4 8.
Ne2 Nc6 9. c3 Bc5 10. b4 Ba7 11. Bb2 dxc3 12. dxc3 O-O 13. a3 e5 14. c4 d6 15.
Nc3 Be6 16. Nd5 Bd4 17. Ra2 Qg5 18. Bc1 Qh4 19. Kh1 f5 20. exf5 Bxf5 21. Bxf5
Rxf5 22. f4 Raf8 23. b5 Na5 24. Qa4 Rh5 25. g3 Qh3 26. Rg2 b6 27. Bd2 axb5 28.
Qxb5 exf4 29. Bxa5 bxa5 30. Ne7+ Kh8 31. Rxf4 Bf6 32. Nd5 Re5 33. Rf1 h5 34. Qa6
h4 35. Qxd6 1-0

[Event "Titled Tue 27th May Early"]
[Site "chess.com INT"]
[Date "2025.05.27"]
[Round "2"]
[White "Panda, Sambit"]
[Black "Suvradeepta, Das"]
[Result "1-0"]
[WhiteTitle "IM"]
[BlackTitle "FM"]
[WhiteElo "2369"]
[BlackElo "2254"]
[WhiteFideId "25091794"]
[BlackFideId "5058031"]
[EventDate "2025.05.27"]

1. d4 Nf6 2. c4 e6 3. Nc3 Bb4 4. e3 b6 5. Ne2 Bb7 6. a3 Be7 7. Nf4 O-O 8. d5 e5
9. Nfe2 d6 10. Ng3 Nbd7 11. Bd3 Re8 12. O-O Nc5 13. Bc2 a5 14. Rb1 Ba6 15. b4
axb4 16. axb4 Bxc4 17. bxc5 Bxf1 18. cxd6 Bxd6 19. Qxf1 Bf8 20. Ba4 Nxd5 21.
Bxe8 Nxc3 22. Bxf7+ Kxf7 23. Qc4+ Nd5 24. e4 Ra5 25. Be3 Kg6 26. exd5 Qxd5 27.
Qh4 h6 28. Qg4+ Kh7 29. Rd1 Qb5 30. h4 Qe8 31. h5 Bd6 32. Nf5 Qf8 33. Qg6+ Kh8
34. Nxd6 cxd6 35. Rxd6 1-0

[Event "Titled Tue 27th May Early"]
[Site "chess.com INT"]
[Date "2025.05.27"]
[Round "2"]
[White "Jahnz, Laurin"]
[Black "Erece, Ece Alkim"]
[Result "0-1"]
[WhiteTitle "CM"]
[BlackTitle "WCM"]
[WhiteElo "2233"]
[BlackElo "1843"]
[WhiteFideId "16261089"]
[BlackFideId "6346006"]
[EventDate "2025.05.27"]

1. e4 e6 2. b3 d5 3. Bb2 Nf6 4. e5 Nfd7 5. Qg4 c5 6. f4 Nc6 7. Nf3 a6 8. Be2 b5
9. a4 Qb6 10. axb5 Nb4 11. Na3 Bb7 12. O-O axb5 13. Bxb5 Bc6 14. Bxc6 Qxc6 15.
Kh1 g6 16. d4 Be7 17. Rfd1 h5 18. Qg3 h4 19. Qf2 h3 20. g3 Kf8 21. c3 Na6 22.
Nc2 Kg7 23. Ra5 Nc7 24. Rda1 Rxa5 25. Rxa5 Ra8 26. Rxa8 Qxa8 27. Ba3 Nb5 28.
Bxc5 Bxc5 29. dxc5 Nxc3 30. Qd4 Ne4 31. b4 Qa6 32. Ng1 Qf1 33. Qxe4 dxe4 34. Ne3
Qc1 35. Ng4 e3 36. c6 Qxc6+ 0-1

[Event "Titled Tue 27th May Early"]
[Site "chess.com INT"]
[Date "2025.05.27"]
[Round "2"]
[White "Suyarov, Mukhammadzokhid"]
[Black "Kozlov, Oleg"]
[Result "1-0"]
[WhiteTitle "IM"]
[BlackTitle "IM"]
[WhiteElo "2491"]
[BlackElo "2253"]
[WhiteFideId "14210495"]
[BlackFideId "4104544"]
[EventDate "2025.05.27"]

1. d4 Nf6 2. Nc3 d5 3. Bf4 a6 4. e3 b5 5. h4 e6 6. g4 c5 7. g5 Nfd7 8. Nf3 Nc6
9. h5 Bb7 10. Ne2 cxd4 11. exd4 Qb6 12. Bg2 O-O-O 13. c3 f6 14. Bh3 Re8 15. Bg3
h6 16. gxf6 gxf6 17. Nf4 Nd8 18. a4 Bd6 19. axb5 Qxb5 20. Qc2 Rhg8 21. O-O-O Kb8
22. Rhe1 Nf8 23. Kb1 Ka7 24. Re3 Bc8 25. Rde1 Bd7 26. Bf1 Qc6 27. Bd3 Qc8 28.
Nxd5 Bxg3 29. Nxf6 Bf4 30. Nxg8 Bxe3 31. Rxe3 Bc6 32. Ne5 Bd5 33. Nf6 Re7 34.
Nxd5 exd5 35. f4 Nfe6 36. f5 Ng5 37. f6 Re8 38. Qa4 Rf8 39. Nd7 Rf7 40. Re7 1-0

[Event "Titled Tue 27th May Early"]
[Site "chess.com INT"]
[Date "2025.05.27"]
[Round "2"]
[White "Svane, Rasmus"]
[Black "Tifferet, Shakked"]
[Result "1-0"]
[WhiteTitle "GM"]
[BlackTitle "FM"]
[WhiteElo "2629"]
[BlackElo "2332"]
[WhiteFideId "4657101"]
[BlackFideId "2811529"]
[EventDate "2025.05.27"]

1. Nf3 d5 2. g3 Nc6 3. d4 Bf5 4. Bg2 e6 5. O-O Be7 6. c4 Nb4 7. Ne1 c6 8. a3 Na6
9. Nc3 h5 10. h3 Bg5 11. e4 dxe4 12. Nxe4 Bxc1 13. Rxc1 Bxe4 14. Bxe4 h4 15. g4
Nf6 16. Bg2 O-O 17. Nf3 Nd7 18. Qd2 Qe7 19. Rfe1 Rad8 20. Qf4 Rfe8 21. g5 Nf8
22. Qxh4 Ng6 23. Qg4 c5 24. d5 e5 25. h4 Qd6 26. h5 Nf4 27. Re3 b5 28. Nd2 Nc7
29. Ne4 Qf8 30. b3 a5 31. h6 a4 32. hxg7 Qxg7 33. Nf6+ Kf8 34. Nxe8 Nxe8 35.
cxb5 axb3 36. Rxb3 Nf6 37. Qf5 Ne2+ 38. Kf1 Nxc1 39. gxf6 Qh6 40. Rh3 Qxh3 41.
Qxh3 Ke8 42. d6 Rxd6 43. Qc8+ 1-0

[Event "Titled Tue 27th May Early"]
[Site "chess.com INT"]
[Date "2025.05.27"]
[Round "2"]
[White "Ferey, Antonin"]
[Black "Anakok, Deniz"]
[Result "1/2-1/2"]
[WhiteTitle "CM"]
[BlackTitle "CM"]
[WhiteElo "2238"]
[BlackElo "2058"]
[WhiteFideId "36051454"]
[BlackFideId "51603586"]
[EventDate "2025.05.27"]

1. d4 d5 2. Nf3 Nf6 3. e3 c5 4. c4 e6 5. a3 Nc6 6. dxc5 Bxc5 7. b4 Be7 8. Bb2
O-O 9. Nbd2 Ne4 10. Nxe4 dxe4 11. Qxd8 Rxd8 12. Nd2 f5 13. c5 Bf6 14. Bxf6 gxf6
15. Nc4 a5 16. b5 Ne5 17. Nxe5 fxe5 18. Bc4 Bd7 19. Ke2 Rac8 20. Rhd1 Kf7 21.
Rac1 Ke7 22. c6 bxc6 23. b6 Rb8 24. Rb1 c5 25. Ba6 Bc6 26. Rdc1 Rd5 27. Bc4 Rd6
28. Ba2 Bd5 29. Bxd5 exd5 30. Rxc5 Rdxb6 31. Rxb6 Rxb6 32. Rxd5 Rb2+ 33. Ke1
Rb1+ 34. Ke2 Rb2+ 35. Ke1 Rb1+ 36. Ke2 Rb2+ 1/2-1/2

[Event "Titled Tue 27th May Early"]
[Site "chess.com INT"]
[Date "2025.05.27"]
[Round "2"]
[White "Martin Fuentes, Alberto"]
[Black "Keneshbekov, Elim"]
[Result "1-0"]
[WhiteTitle "FM"]
[BlackTitle "CM"]
[WhiteElo "2376"]
[BlackElo "1867"]
[WhiteFideId "2292289"]
[BlackFideId "13816772"]
[EventDate "2025.05.27"]

1. e4 c5 2. Nc3 Nc6 3. g3 e6 4. Bg2 Nge7 5. d3 g6 6. Be3 d6 7. Qd2 Bg7 8. Bh6
O-O 9. h4 Nd4 10. Bxg7 Kxg7 11. h5 Rh8 12. Nge2 Nec6 13. O-O-O Bd7 14. f4 b5 15.
Nxd4 Nxd4 16. Ne2 e5 17. hxg6 hxg6 18. Rxh8 Qxh8 19. Rh1 Nxe2+ 20. Kd1 Nxg3 21.
Rxh8 Rxh8 22. fxe5 Rh2 23. Qf2 Nh5 24. Qg1 Rh4 25. exd6 Rg4 26. Qf2 Nf4 27. Bf3
Rg5 28. b4 c4 29. Qxa7 Be6 30. d7 Bxd7 31. Qxd7 c3 32. Qd4+ Kh7 33. Qxc3 Rg1+
34. Kd2 Rf1 35. Ke3 Ne6 36. Qf6 Kg8 37. Qe7 Re1+ 38. Kd2 Rf1 39. Bg4 Rf2+ 40.
Ke3 Rf1 41. Bxe6 1-0

[Event "Titled Tue 27th May Early"]
[Site "chess.com INT"]
[Date "2025.05.27"]
[Round "2"]
[White "Urbina Perez, Juan Antonio"]
[Black "Schubert, Christian"]
[Result "1-0"]
[WhiteTitle "FM"]
[BlackTitle "CM"]
[WhiteElo "2221"]
[BlackElo "2203"]
[WhiteFideId "2217368"]
[BlackFideId "4604229"]
[EventDate "2025.05.27"]

1. d4 Nf6 2. Nf3 e6 3. Bg5 d5 4. e3 c5 5. c3 Nc6 6. Nbd2 Be7 7. Bd3 b6 8. O-O
Bb7 9. Qe2 h6 10. Bh4 O-O 11. Ne5 cxd4 12. Nxc6 Bxc6 13. exd4 a5 14. f4 Ne8 15.
Bxe7 Qxe7 16. f5 Nd6 17. Rae1 Rae8 18. Qh5 Qg5 19. Qxg5 hxg5 20. fxe6 Rxe6 21.
Rxe6 fxe6 22. Rxf8+ Kxf8 23. Nf3 g4 24. Ne5 Bb5 25. Bxb5 Nxb5 26. Nd7+ Ke7 27.
Nxb6 Nd6 28. Kf2 Kf6 29. Ke3 Kf5 30. b3 g5 31. g3 Ne4 32. c4 dxc4 33. Nxc4 Nc3
34. a3 a4 35. b4 Nb5 36. Kd3 Nc7 37. Nd6+ Kf6 38. Ne4+ Kf5 39. Nc5 1-0

[Event "Titled Tue 27th May Early"]
[Site "chess.com INT"]
[Date "2025.05.27"]
[Round "2"]
[White "Khoo-Thwe, Louis"]
[Black "Hajiyev, Kanan"]
[Result "0-1"]
[WhiteTitle "CM"]
[BlackTitle "FM"]
[WhiteElo "2214"]
[BlackElo "2197"]
[WhiteFideId "1538756"]
[BlackFideId "13404148"]
[EventDate "2025.05.27"]

1. e4 a6 2. d4 c6 3. Nc3 d5 4. Nf3 Bg4 5. e5 e6 6. h3 Bh5 7. Bd3 c5 8. dxc5 Bxc5
9. O-O Nc6 10. Bf4 Nge7 11. Bh2 Qc7 12. Re1 O-O 13. Bxh7+ Kxh7 14. Ng5+ Kg6 15.
g4 Kxg5 16. gxh5 Kh6 17. Qd3 Nf5 18. Nxd5 Qd8 19. c4 Qh4 20. Kh1 Bxf2 21. Re4
Ng3+ 22. Bxg3 Qxg3 23. Qd2+ Kh7 24. Nf4 Rad8 25. Qc2 Nb4 26. Qb1 Qf3+ 27. Kh2
Bg3+ 28. Kg1 Qf2+ 29. Kh1 Qh2# 0-1

[Event "Titled Tue 27th May Early"]
[Site "chess.com INT"]
[Date "2025.05.27"]
[Round "2"]
[White "Sahbudak, Baris Cinar"]
[Black "Dishman, Stephen"]
[Result "0-1"]
[WhiteTitle "CM"]
[BlackTitle "FM"]
[WhiteElo "2072"]
[BlackElo "2284"]
[WhiteFideId "26351633"]
[BlackFideId "403024"]
[EventDate "2025.05.27"]

1. e4 c6 2. d4 d5 3. exd5 cxd5 4. Bd3 Nf6 5. c3 Bg4 6. Qb3 Qc7 7. Ne2 Bxe2 8.
Bxe2 e6 9. O-O Bd6 10. h3 Nc6 11. Nd2 O-O 12. Nf3 Rab8 13. a4 a6 14. Bd3 h6 15.
Re1 Rfe8 16. Bd2 Na5 17. Qc2 Nd7 18. Qc1 Nb3 19. Qc2 Nxa1 20. Rxa1 b5 21. b4
Rec8 22. Qc1 Qd8 23. Qd1 Qf6 24. axb5 axb5 25. Ra6 Rb6 26. Ra5 Rcb8 27. Qe2 Nf8
28. Bxb5 Ng6 29. g3 Qf5 30. Kg2 Qb1 31. Bd3 Qb2 32. Bxg6 fxg6 33. Qxe6+ Kh7 34.
Qxd5 Rf8 35. Be3 Bxg3 36. Kxg3 Rbf6 37. Nh4 Rxf2 38. Qe4 R2f6 39. Ra7 Qe2 40. b5
Qe1+ 41. Kg4 h5+ 42. Kg5 Qg3+ 43. Qg4 Rf5+ 44. Nxf5 Rxf5# 0-1

[Event "Titled Tue 27th May Early"]
[Site "chess.com INT"]
[Date "2025.05.27"]
[Round "2"]
[White "Noy, Eyal"]
[Black "Hehir, Michael"]
[Result "1-0"]
[WhiteTitle "FM"]
[WhiteElo "2346"]
[BlackElo "2009"]
[WhiteFideId "2821117"]
[BlackFideId "2047411"]
[EventDate "2025.05.27"]

1. e4 c5 2. Nf3 g6 3. d4 cxd4 4. Nxd4 Bg7 5. Nc3 Nc6 6. Be3 Nf6 7. Bc4 O-O 8.
Bb3 a5 9. O-O a4 10. Nxa4 Nxe4 11. Nb5 Qa5 12. c4 Ra6 13. Re1 f5 14. f3 Nf6 15.
a3 d6 16. Bc2 Be6 17. b4 Qd8 18. Bb3 Ne5 19. Rc1 Kh8 20. h3 Bd7 21. Nac3 Rc6 22.
Qe2 e6 23. Red1 d5 24. cxd5 exd5 25. Bc5 Re8 26. Nxd5 Nxd5 27. Bxd5 Ra6 28. Qf1
Qg5 29. Bxb7 Rae6 30. f4 1-0

[Event "Titled Tue 27th May Early"]
[Site "chess.com INT"]
[Date "2025.05.27"]
[Round "2"]
[White "Herpai, Jozsef Matyas"]
[Black "Aradhya, Garg"]
[Result "0-1"]
[WhiteTitle "CM"]
[BlackTitle "IM"]
[WhiteElo "2056"]
[BlackElo "2383"]
[WhiteFideId "786179"]
[BlackFideId "25006746"]
[EventDate "2025.05.27"]

1. Nf3 d5 2. e3 Nf6 3. c4 e6 4. Nc3 c5 5. cxd5 exd5 6. d4 cxd4 7. Nxd4 Bc5 8.
Be2 O-O 9. O-O Nc6 10. Nf3 Re8 11. Bb5 Bg4 12. Be2 Rc8 13. b3 Bxf3 14. Bxf3 d4
15. Na4 Bd6 16. Bxc6 Rxc6 17. exd4 Ne4 18. Be3 Qc7 19. Rc1 Bxh2+ 20. Kh1 Bd6 21.
Rxc6 Qxc6 22. Nb2 Qd5 23. Nc4 Bc7 24. Qf3 h5 25. Nd2 Nf6 26. Qxd5 Nxd5 27. Nc4
b5 28. Na3 a6 29. Nc2 Bd6 30. Re1 Rc8 31. Re2 Nc3 32. Rd2 Ne4 33. g3 Nxd2 0-1

[Event "Titled Tue 27th May Early"]
[Site "chess.com INT"]
[Date "2025.05.27"]
[Round "2"]
[White "Xiong, Jeffery"]
[Black "Tan, Jun Ying"]
[Result "1-0"]
[WhiteTitle "GM"]
[BlackTitle "FM"]
[WhiteElo "2636"]
[BlackElo "2414"]
[WhiteFideId "2047640"]
[BlackFideId "5710413"]
[EventDate "2025.05.27"]

1. e4 c6 2. Nf3 d5 3. d3 dxe4 4. dxe4 Qxd1+ 5. Kxd1 Nf6 6. Nfd2 h5 7. h4 Ng4 8.
Ke1 Be6 9. Bc4 Bxc4 10. Nxc4 Nd7 11. f3 Nge5 12. Nba3 Nxc4 13. Nxc4 Nb6 14. Na5
O-O-O 15. Be3 e5 16. Bxb6 axb6 17. Nc4 Bc5 18. Nxe5 Rhf8 19. Nd3 Bd4 20. Ke2 g6
21. c3 Bf6 22. g3 Kc7 23. Rhd1 Be7 24. f4 Bf6 25. Rd2 Rfe8 26. Kf3 Rd7 27. Rad1
Red8 28. Ke2 Re8 29. Nf2 Rxd2+ 30. Rxd2 Ra8 31. a3 Re8 32. e5 Bg7 33. Kf3 b5 34.
Ne4 Re7 35. g4 hxg4+ 36. Kxg4 Bh6 37. Nf6 Kc8 38. Ng8 Rxe5 39. Nxh6 Re7 40. Kg5 1-0

[Event "Titled Tue 27th May Early"]
[Site "chess.com INT"]
[Date "2025.05.27"]
[Round "2"]
[White "Saiz Rodriguez, Daniel Evelio"]
[Black "Sadey, Rinoa Mariel"]
[Result "1-0"]
[WhiteTitle "FM"]
[WhiteElo "2187"]
[BlackElo "1760"]
[WhiteFideId "3523420"]
[BlackFideId "5255945"]
[EventDate "2025.05.27"]

1. c4 c5 2. Nc3 Nc6 3. Nf3 Nf6 4. g3 g6 5. Bg2 Bg7 6. O-O O-O 7. d4 cxd4 8. Nxd4
a6 9. a4 Qc7 10. Nc2 b6 11. b3 Bb7 12. Bb2 d6 13. Ne3 e6 14. Qc2 Nd4 15. Qd1
Bxg2 16. Nxg2 Nd7 17. Ne4 Nf5 18. Bxg7 Kxg7 19. g4 d5 20. cxd5 exd5 21. Qxd5 Ne7
22. Qd4+ f6 23. g5 Kg8 24. gxf6 Nf5 25. Qd5+ Kh8 26. Rac1 Qe5 27. Qxd7 Qxe4 28.
Rc7 h5 29. Qh7# 1-0

[Event "Titled Tue 27th May Early"]
[Site "chess.com INT"]
[Date "2025.05.27"]
[Round "2"]
[White "Melikhov, Evgeny V."]
[Black "Olcayoz, Gizem"]
[Result "1-0"]
[WhiteTitle "FM"]
[BlackTitle "WCM"]
[WhiteElo "2154"]
[BlackElo "1827"]
[WhiteFideId "4122046"]
[BlackFideId "6301444"]
[EventDate "2025.05.27"]

1. d4 e6 2. c4 f5 3. g3 Nf6 4. Bg2 Be7 5. Nh3 d6 6. O-O c6 7. b3 Qc7 8. Bb2 O-O
9. Nd2 e5 10. f3 Be6 11. Nf2 Nbd7 12. e4 f4 13. d5 Bf7 14. Bh3 fxg3 15. hxg3 Nh5
16. Kg2 c5 17. Rh1 Qd8 18. Ng4 Qe8 19. Nf1 Ndf6 20. Nfe3 g6 21. Qd2 Kh8 22. Nxf6
Bxf6 23. Ng4 Bg7 24. Raf1 Bg8 25. Nh6 Qe7 26. Nxg8 Kxg8 27. Be6+ Kh8 28. Bc1 Rf6
29. Qe2 Raf8 30. Bg5 b6 31. Qe3 1-0

[Event "Titled Tue 27th May Early"]
[Site "chess.com INT"]
[Date "2025.05.27"]
[Round "2"]
[White "Timofeev, Artyom"]
[Black "Slovineanu, Viacheslav"]
[Result "1-0"]
[WhiteTitle "GM"]
[BlackTitle "IM"]
[WhiteElo "2548"]
[BlackElo "2412"]
[WhiteFideId "4140419"]
[BlackFideId "13900510"]
[EventDate "2025.05.27"]

1. c4 e5 2. d3 Nf6 3. Bg5 h6 4. Bxf6 Qxf6 5. Nc3 Bb4 6. e3 Bxc3+ 7. bxc3 O-O 8.
d4 d6 9. Nf3 Nc6 10. Be2 Re8 11. O-O Bf5 12. Nd2 Qg6 13. Bh5 Qg5 14. Kh1 b6 15.
Bf3 e4 16. Be2 Bg6 17. a4 Ne7 18. a5 f5 19. g3 Nc6 20. Nb3 Bf7 21. Kg2 Qe7 22.
h4 g5 23. hxg5 hxg5 24. Rh1 Kg7 25. axb6 axb6 26. Rxa8 Rxa8 27. Nd2 Rh8 28. Rxh8
Kxh8 29. Qa1 Kg7 30. Qa4 Na5 31. Qb5 Qe6 32. g4 Kf6 33. gxf5 Qxf5 34. Qb1 Bg6
35. Nf1 c6 36. Qxb6 1-0

[Event "Titled Tue 27th May Early"]
[Site "chess.com INT"]
[Date "2025.05.27"]
[Round "2"]
[White "Zhukovskyi, Oleksandr"]
[Black "Hobson, Kenneth"]
[Result "1-0"]
[WhiteTitle "CM"]
[BlackTitle "FM"]
[WhiteElo "2153"]
[BlackElo "2355"]
[WhiteFideId "14169371"]
[BlackFideId "480819"]
[EventDate "2025.05.27"]

1. b3 Nf6 2. Bb2 e6 3. c4 Be7 4. Nf3 b6 5. e3 Bb7 6. Be2 O-O 7. O-O d6 8. Nc3
Nbd7 9. Rc1 Re8 10. d4 Ne4 11. Bd3 f5 12. Qc2 Ndf6 13. Nd2 Nxd2 14. Qxd2 g6 15.
f3 e5 16. Rce1 Qd7 17. Nd5 Nxd5 18. cxd5 Bxd5 19. dxe5 dxe5 20. Bc4 Rad8 21. Rd1
Bxc4 22. Qxd7 Rxd7 23. Rxd7 Bxf1 24. Kxf1 Bd6 25. f4 Re7 26. Rxe7 Bxe7 27. Bxe5
c6 28. Ke2 Kf7 29. Kd3 Ke6 30. e4 Bc5 31. Bb8 a5 32. Bc7 Bg1 33. h3 h5 34. a4
Bf2 35. Ke2 Bc5 36. Kf3 Kd7 37. Be5 Ke6 38. Bc3 Bd6 39. g4 hxg4+ 40. hxg4 fxe4+
41. Kxe4 Be7 42. f5+ gxf5+ 43. gxf5+ Kf7 44. Be5 Bf6 45. Bc7 b5 46. Bxa5 bxa4
47. bxa4 Bb2 48. Bc7 Bc3 49. Bd6 Bb4 50. Bxb4 1-0

[Event "Titled Tue 27th May Early"]
[Site "chess.com INT"]
[Date "2025.05.27"]
[Round "2"]
[White "Lisenkov, Svyatoslav"]
[Black "Zobel, Christian"]
[Result "1-0"]
[WhiteTitle "CM"]
[BlackTitle "CM"]
[WhiteElo "2241"]
[BlackElo "2157"]
[WhiteFideId "34264183"]
[BlackFideId "16259068"]
[EventDate "2025.05.27"]

1. e4 c5 2. Nf3 e6 3. Be2 a6 4. O-O d6 5. c4 e5 6. Nc3 Nf6 7. d3 h6 8. Ne1 g5 9.
Nc2 Nc6 10. Ne3 Be7 11. Ncd5 Nxd5 12. Nxd5 Be6 13. Ne3 Qd7 14. Bg4 O-O-O 15.
Bxe6 fxe6 16. Qh5 Rdf8 17. Bd2 Bd8 18. a3 Ne7 19. b4 Ng8 20. Ng4 Nf6 21. Nxf6
Bxf6 22. Be3 cxb4 23. axb4 Qe8 24. Qxe8+ Rxe8 25. b5 axb5 26. cxb5 Kd7 27. Ra7
Rb8 28. g4 Rhc8 29. Rfa1 Rc3 30. R1a3 Rxa3 31. Rxa3 Bd8 32. Kg2 Bc7 33. Ra7 Bd8
34. h4 Kc8 35. hxg5 hxg5 36. Ra1 Kd7 37. Rh1 1-0

[Event "Titled Tue 27th May Early"]
[Site "chess.com INT"]
[Date "2025.05.27"]
[Round "2"]
[White "Brozyna, Mateusz"]
[Black "Goryachkina, Aleksandra"]
[Result "0-1"]
[WhiteTitle "FM"]
[BlackTitle "GM"]
[WhiteElo "2224"]
[BlackElo "2544"]
[WhiteFideId "21816140"]
[BlackFideId "4147103"]
[EventDate "2025.05.27"]

1. d4 d5 2. Nc3 c6 3. Bf4 Bf5 4. f3 e6 5. e4 Bg6 6. h4 h6 7. h5 Bh7 8. Bd3 Bb4
9. Ne2 Ne7 10. exd5 Bxd3 11. Qxd3 Nxd5 12. Bd2 Nd7 13. O-O-O N7f6 14. Kb1 a5 15.
Ne4 Bxd2 16. Rxd2 a4 17. c4 Nc7 18. N2g3 a3 19. Nxf6+ Qxf6 20. Ne4 Qe7 21. b3 b5
22. c5 O-O 23. g4 Nd5 24. g5 hxg5 25. h6 g6 26. h7+ Kg7 27. Rdh2 Rh8 28. Qd2 Nf4
29. Qf2 Rad8 30. Nd6 Qf6 31. Qe3 b4 32. Qe4 Nh5 33. Rd1 Rxh7 34. Qxc6 Rhh8 35.
Ne4 Qf5 36. Rg2 Qxf3 37. Rdg1 Qd3+ 38. Kc1 Qxd4 39. Rxg5 Qb2# 0-1

[Event "Titled Tue 27th May Early"]
[Site "chess.com INT"]
[Date "2025.05.27"]
[Round "2"]
[White "Chiappero, Julio Alfredo"]
[Black "Gustafsson, Jan"]
[Result "1/2-1/2"]
[WhiteTitle "FM"]
[BlackTitle "GM"]
[WhiteElo "2238"]
[BlackElo "2591"]
[WhiteFideId "139998"]
[BlackFideId "4625498"]
[EventDate "2025.05.27"]

1. d4 g6 2. c4 Bg7 3. Nc3 c5 4. d5 Bxc3+ 5. bxc3 f5 6. e4 fxe4 7. f3 d6 8. fxe4
Qa5 9. Bd2 Nf6 10. Bd3 Nbd7 11. Nf3 Ne5 12. Nxe5 dxe5 13. O-O Bd7 14. d6 Bg4 15.
Qb3 O-O-O 16. dxe7 Rxd3 17. Rxf6 Re8 18. Rf8 Bd7 19. Qc2 Rd6 20. Raf1 Re6 21.
Bg5 h6 22. Bf6 Qb6 23. Qd2 Rd6 24. Qxh6 Qc6 25. Qxg6 b6 26. Qf7 Kb7 27. Bxe5 Rd2
28. Rxe8 Bxe8 29. Qf4 Bg6 30. Re1 Rxa2 31. Bf6 a5 32. Qe5 Bf7 33. Rd1 Re2 34.
Rd8 Rxe4 35. Qb8+ Ka6 36. Qa8+ Qxa8 37. Rxa8+ Kb7 38. Rf8 Bg6 39. Rg8 Bf7 40.
Rf8 Bg6 41. Rg8 Bf7 42. Rf8 1/2-1/2

[Event "Titled Tue 27th May Early"]
[Site "chess.com INT"]
[Date "2025.05.27"]
[Round "2"]
[White "Gong, Qianyun"]
[Black "Rossi, Maximiliano"]
[Result "1-0"]
[WhiteTitle "WGM"]
[WhiteElo "2265"]
[BlackElo "2013"]
[WhiteFideId "8602425"]
[BlackFideId "113425"]
[EventDate "2025.05.27"]

1. d4 Nf6 2. c4 g6 3. Nc3 d5 4. cxd5 Nxd5 5. e4 Nxc3 6. bxc3 Bg7 7. Nf3 O-O 8.
Bc4 c5 9. h3 cxd4 10. cxd4 Nc6 11. Be3 Qa5+ 12. Kf1 Qd8 13. Rc1 Na5 14. Be2 b6
15. d5 Bb7 16. Bd4 Rc8 17. Rxc8 Qxc8 18. g3 e6 19. Bxg7 Kxg7 20. Qd4+ Kg8 21.
Kg2 exd5 22. e5 Qd7 23. Rd1 Rc8 24. Ng5 h6 25. Ne4 Qe7 26. Nf6+ Kf8 27. Kh2 Rc2
28. Bf3 Rxa2 29. e6 fxe6 30. Ng4 e5 31. Nxe5 Rxf2+ 32. Qxf2 Qxe5 33. Bxd5+ Ke7
34. Re1 Qxe1 35. Qxe1+ 1-0